| 000 | 00362nam a22001457a 4500 | ||
|---|---|---|---|
| 020 | _a0851573770 | ||
| 082 | _a025. 3202854 HUN | ||
| 100 | _aHUNTER, ERICK. J | ||
| 245 | _aComputerized Cataloguing | ||
| 260 |
_aLondon _bClive Bingley _c1985 |
||
| 300 |
_axxiv,215p. _bill.;22cm |
||
| 500 | _aInclude: Index | ||
| 650 | _aComputerized Cataloguing | ||
| 942 | _cBK | ||
| 999 |
_c19110 _d19110 |
||